000 00396nam a2200169Ia 4500
008 230524s9999 xx 000 0 und d
020 _a9780143333531
082 _bKAL
100 _aA.P.J. Abdul Kalam
_941786
245 0 _aMy India
250 _a1
260 _aNew Delhi
_bPuffin
_c2015
300 _a206p;
500 _aQuantity Number: 1
650 _aMisalliance
_941787
942 _cBK
999 _c56216
_d56216